Prisťahovalecká politika Rakúskej republiky bakalárska práca

Salvato in:
Dettagli Bibliografici
Autore principale: Olejárová, Monika
Ente Autore: Fakulta medzinárodných vzťahov EU. Katedra medzinárodných ekonomických vzťahov a hospodárskej diplomacie
Altri autori: Mattoš, Boris, 1977-
Natura: Libro
Lingua:slovacco
Pubblicazione: Bratislava 2015
Tags: Aggiungi Tag
Nessun Tag, puoi essere il primo ad aggiungerne!!

MARC

LEADER 00000nbm a2200000 4500
001 0202683
005 20161212100400.0
041 0 |a slo 
044 |a SK 
245 1 0 |a Prisťahovalecká politika Rakúskej republiky  |b bakalárska práca  |c Monika Olejárová ; školiteľ: Boris Mattoš 
264 1 |a Bratislava  |c 2015 
300 |a 52 s. 
100 1 |a Olejárová, Monika 
700 1 |a Mattoš, Boris, 1977- 
710 2 |a Fakulta medzinárodných vzťahov EU. Katedra medzinárodných ekonomických vzťahov a hospodárskej diplomacie